000
00325nam a22001457a 4500
005
20160628092320.0
008
160628b xxu||||| |||| 00| 0 eng d
041
_a
eng
082
_b
10690
245
_a
Securities Markets and Product
260
_b
Taxmann
_c
2004
300
_a
576
650
_a
Management
_9
241
942
_c
BK
999
_c
4346
_d
4345